BIBLIOTHÈQUE DE LA MAISON DU MEXIQUE

Logo 1 Logo 2

A ocho columnas (notice nᵒ 2485)

détails MARC
000 -Sello discográfico
campo de control de longitud fija 00805nam a2200289 4500
005 - Identificación de versión
campo de control 20251017062813.0
035 ## - Otros números de control del sistema
Número de control del sistema 23335
099 ## - fechas locales
Tipo de ítem Koha LIBRO
100 ## - Datos de procesamiento general
Datos de procesamiento general 19980107d1970 m y1spay5003 ba
105 ## - Campo de datos codificados: Material textual, monográfico
Datos codificados de monografía y 001by
200 1# - Título y mención de responsabilidad
Título propio A ocho columnas
Designación general del material texto impreso
Otra información del título pieza en 3 actos
Primer mención de responsabilidad Salvador Novo
205 ## - Declaración de edición
Declaración de edición 1a ed
210 ## - Publicación, distribución, etc.
Lugar de publicación, distribución, etc. México
Nombre del editor, distribuidor, etc. Editorial Novaro
Fecha de publicación, distribución, etc. 1970
215 ## - Descripción física
Designación de material específico y extensión del ítem 115 p
Dimensiones 21 cm
345 ## - Nota de información de adquisición
Fuente de adquisición/dirección de la suscripción [OBSOLETO] Donación
410 #1 - Series
Título Teatro Popular Mexicano
Número de volumen 2
606 ## - Término temático usado como materia
Elemento de entrada Teatro mexicano
Subdivisión cronológica Siglo XX
Número Koha 167
660 ## - Código de área geográfica
Código MX
700 ## - Nombre personal - Responsabilidad primaria
Elemento de entrada Novo López
Parte del nombre distinta del elemento de entrada Salvador
Fechas 1904-1974
Número Koha 2007
801 #0 - Fuente de origen
Agencia cm
900 ## -
-- 1/15305
900 ## -
-- 710986872\\070198
942 ## - ELEMENTOS DE ENTRADA SECUNDARIOS (KOHA)
Tipo de ítem Koha Livre
996 ## -
-- MEX
-- 751145101
-- MMAG
-- 009726
-- 862.4 N945AO
-- 20240222LIV
Exemplaires
Estatus retirado Estado de daño Estado de pérdida Fecha de adquisición Biblioteca de origen Biblioteca actual Ubicación en estantería Código de barras Precio de reemplazo Signatura topográfica completa No para préstamo Tipo de ítem Koha Nota pública Nota no pública
      05/08/2025 Casa México Paris Casa México Paris   009726 05/08/2025 862.4 N945AO   Livre 20240222LIV 751145101